Gojira Songs - Statistics

General Stats
  • This quiz has been taken 800 times
    584 since last reset
  • The average score is 39 of 81
Answer Stats
Terra Incognita % Correct
Flying Whales
89%
From Mars
88%
To Sirius
87%
L'Enfant Sauvage
86%
Silvera
84%
Magma
82%
The Way of All Flesh
80%
The Link
79%
Amazonia
77%
Fortitude
76%
Stranded
75%
The Art of Dying
75%
Toxic Garbage Island
73%
Backbone
69%
The Heaviest Matter of the Universe
69%
Oroborus
66%
Global Warming
65%
The Chant
64%
Unicorn
63%
Born For One Thing
62%
Ocean Planet
61%
Clone
60%
Love
60%
Born in Winter
59%
Where Dragons Dwell
59%
Another World
58%
The Axe
57%
The Cell
57%
Vacuity
57%
Satan Is a Lawyer
56%
Sphinx
54%
The Shooting Star
54%
Explosia
53%
From the Sky
53%
The Gift of Guilt
53%
Esoteric Surgery
50%
Grind
49%
Indians
46%
Only Pain
46%
Adoration for None
44%
Lizard Skin
44%
Low Lands
44%
Wolf Down the Earth
44%
A Sight to Behold
42%
Into The Storm
42%
Mouth of Kala
42%
New Found
42%
The Silver Cord
42%
World to Come
42%
In the Wilderness
40%
Liquid Fire
39%
Pray
39%
Yama's Messengers
39%
Yellow Stone
39%
All the Tears
38%
The Trails
37%
04
36%
Hold On!
35%
Rememberance
34%
The Fall
34%
Blow Me Away You (Niverse)
33%
In the Forest
33%
Liberation
33%
The Wild Healer
32%
Wisdom Comes
32%
Deliverance
31%
Fire Is Everything
31%
Space Time
31%
Pain is a Master
29%
Torii
29%
Embrace the World
27%
Planned Obsolescence
27%
Dawn
24%
On the B.O.T.A
24%
Death of Me
23%
Rise
23%
Connected
22%
Inward Movement
20%
1990 Quadrillions de Tonnes
19%
Over the Flows
17%
5988 Trillions de Tonnes
14%
No matching quizzes found
Score Distribution
Percent of People with Each Score
Percentile by Number Answered
Your Score History
You have not taken this quiz since the last reset